| 000 | 00985nac a22003137a 4500 | ||
|---|---|---|---|
| 001 | BR7200868 | ||
| 003 | BR-BrBNA | ||
| 005 | 20240105113449.0 | ||
| 008 | 230509b bl.|||m| |||| 00| 0 por d | ||
| 040 |
_aBR-BrBNA _bpor _cBiblioteca Nacional de Agricultura |
||
| 072 | _aE30 | ||
| 090 | _a2480 BR7200868 | ||
| 110 | 1 |
_aSuperintendencia da Borracha, Brasilia, DF (Brasil) _910009 |
|
| 245 | 1 | _aPrograma de acao, fundamentos e objetivos 1972 [Superintendencia da Borracha, Brasil] | |
| 260 | 3 |
_aBrasilia, DF (Brasil): _c1972. |
|
| 300 | _a20 p. | ||
| 490 |
_aPrograma de Acao - Superintendencia da Borracha (Brazil) _v _x |
||
| 500 | _a5 graphs | ||
| 650 | _aPROJETO DE DESENVOLVIMENTO | ||
| 650 | _aPLANEJAMENTO AGRICOLA | ||
| 650 | _aBORRACHA | ||
| 650 | _aPRODUCAO | ||
| 650 | _aCONSUMO | ||
| 650 | _aINCENTIVO FISCAL | ||
| 650 | _aASSISTENCIA TECNICA | ||
| 650 | _aRECURSO ECONOMICO | ||
| 909 |
_a202312 _bLúcia Elande _c55 _dLúcia Elande |
||
| 942 |
_2AGRIS _n0 _cMS |
||
| 999 |
_c263868 _d263868 |
||